000 00221nam a2200097Ia 4500
008 240331s9999 xx 000 0 und d
082 _a303
_bTOW
100 _aLogo. ed
245 0 _aTowards Liberation in Pakistan
942 _cL
999 _c1209
_d1209